Guess the language - Statistics

General Stats
  • This quiz has been taken 129 times
  • The average score is 12 of 25
Answer Stats
Hint Answer % Correct
검은다리솔새
(geomeun-dari-sol-sae)
Korean
94%
نقشارة شائعة (naqsharat shayiea) Arabic
92%
Пеночка теньковка
(penochka ten'kovka)
Russian
91%
Pouillot véloce French
83%
叽咋柳莺 (jiza liu-ying) Chinese
82%
Luí piccolo Italian
78%
Pierwiosnek Polish
64%
Mosquitero común Spanish
64%
Gransångare Swedish
56%
Tiltaltti Finnish
51%
Txio arrunta Basque
46%
Chiffchaff English
41%
Felosa-comum Portuguese
40%
Budnícek menší Czech
38%
Csilpcsalpfüzike Hungarian
38%
Pitulice mică Romanian
37%
Uriankhain duuch shuvuu Mongolian
36%
Caifean Gaelic
35%
Tjiftjaf Dutch
33%
Obican zviždak Serbo-Croatian
32%
Zilpzalp German
27%
Tznkltan geghgeghik Armenian
26%
Fishkëllyesi i vogël Albanian
24%
Kolibiarik čipčavý Slovak
23%
Pilkoji pečialinda Lithuanian
13%
No matching quizzes found
Score Distribution
Percent of People with Each Score
Percentile by Number Answered
Your Score History
You have not taken this quiz